[Event "4. Open. Int. (tot.)"]
[Site "Padova  Fornace Carotta"]
[Date "2001.12.15"]
[Round "1.37"]
[White "Alessi, Giovanni"]
[Black "Binder, Andrea"]
[Result "1-0"]
[WhiteElo "1389"]
[BlackElo "1600"]
[Annotator "Gabriele Ballarin"]
[PlyCount "103"]
[EventDate "2001.12.15"]
[EventType "swiss"]
[EventRounds "6"]
[EventCountry "ITA"]

1. d4 d6 2. c4 Nf6 3. Nc3 g6 4. Nf3 Bg7 5. e4 O-O 6. Be2 c6 7. O-O e5 8. d5 c5 9. Bd2 Na6 10. Qc1 Bd7 11. a3 Nc7 12. b4 b6 13. b5 Nh5 14. Ne1 Nf4 15. Bf3 f5 16. Kh1 Bc8 17. Qc2 Ne8 18. g3 Nh3 19. Bg2 f4 20. Nf3 g5 21. Ng1 Nxg1 22. Kxg1 f3 23. Bh1 h5 24. Qd3 Bg4 25. Rfe1 h4 26. Be3 hxg3 27. fxg3 Nf6 28. Rf1 Bh3 29. Rxf3 Ng4 30. Bg2 Rxf3 31. Bxf3 Nxe3 32. Qxe3 g4 33. Bg2 Bxg2 34. Kxg2 Qe7 35. Rf1 Rf8 36. Rxf8+ Qxf8 37. a4 Bh6 38. Qf2 Qxf2+ 39. Kxf2 Kf7 40. Kg2 Kg6 41. h3 Kh5 42. Nd1 Bg5 43. Nf2 gxh3+ 44. Kxh3 Be7 45. Nh1 Bg5 46. g4+ Kg6 47. Ng3 Be7 48. Nf5 Bf8 49. Kh4 Kf6 50. Kh5 Kf7 51. g5 Kg8 52. Kg6 1-0

[Event "4. Open. Int. (tot.)"]
[Site "Padova  Fornace Carotta"]
[Date "2001.12.15"]
[Round "1.38"]
[White "Calicchia, Giovanni"]
[Black "Nardin, Loris"]
[Result "1-0"]
[WhiteElo "1600"]
[BlackElo "1329"]
[Annotator "Gabriele Ballarin"]
[PlyCount "123"]
[EventDate "2001.12.15"]
[EventType "swiss"]
[EventRounds "6"]
[EventCountry "ITA"]

1. e4 d6 2. d4 Nf6 3. Nc3 g6 4. Nf3 Bg7 5. Be2 O-O 6. O-O c6 7. h3 Nbd7 8. Bg5 Qc7 9. Qd2 Re8 10. Bh6 Bh8 11. a4 a6 12. Rfe1 b5 13. axb5 cxb5 14. Bxb5 Bb7 15. Bf1 Nb6 16. d5 Rec8 17. Be3 Nc4 18. Bxc4 Qxc4 19. Nd4 Ne8 20. Ra4 Qc7 21. Rc1 Qd8 22. Nde2 Nf6 23. f3 Nd7 24. Ra3 Ne5 25. b3 Qc7 26. Bd4 Rcb8 27. f4 Nd7 28. Kh1 Rc8 29. Bxh8 Kxh8 30. Na4 Kg8 31. Qd4 Nc5 32. Nxc5 Qxc5 33. Qxc5 Rxc5 34. c4 Rac8 35. Rca1 Re8 36. Kg1 e5 37. fxe5 Rxe5 38. Nc3 Rc8 39. Kf2 Rce8 40. R3a2 Bc8 41. Re2 Kg7 42. Rae1 f5 43. exf5 Rxe2+ 44. Rxe2 Rxe2+ 45. Kxe2 Bxf5 46. Ke3 h5 47. h4 Bc2 48. b4 Kf6 49. Ne4+ Ke5 50. Ng5 Kf6 51. Kd4 Ke7 52. Ne6 Kd7 53. c5 Bf5 54. c6+ Kc8 55. Kc4 Be4 56. g3 Bf3 57. Nd4 Be4 58. b5 a5 59. b6 a4 60. Nb5 Bg2 61. Nxd6+ Kb8 62. c7+ 1-0

[Event "4. Open. Int. (tot.)"]
[Site "Padova  Fornace Carotta"]
[Date "2001.12.16"]
[Round "2.5"]
[White "Sinato, Fabrizio"]
[Black "Opacic, Alexandar"]
[Result "1-0"]
[WhiteElo "1728"]
[BlackElo "2113"]
[Annotator "Gabriele Ballarin"]
[PlyCount "35"]
[EventDate "2001.12.15"]
[EventType "swiss"]
[EventRounds "6"]
[EventCountry "ITA"]

1. e4 c5 2. Nf3 e6 3. d4 cxd4 4. Nxd4 a6 5. Nc3 Qc7 6. Qd3 Nc6 7. Nxc6 dxc6 8. Be3 e5 9. O-O-O b5 10. Be2 Be6 11. g3 Bb4 12. f4 Nf6 13. fxe5 Bc4 14. Qd4 Bxc3 15. bxc3 Bxe2 16. exf6 Bxd1 17. Bf4 Qd8 18. Qe5+ 1-0

[Event "4. Open. Int. (tot.)"]
[Site "Padova  Fornace Carotta"]
[Date "2001.12.16"]
[Round "2.6"]
[White "Tomba, Ivan"]
[Black "Pechy, Alaster"]
[Result "1-0"]
[WhiteElo "2041"]
[BlackElo "1672"]
[Annotator "Gabriele Ballarin"]
[PlyCount "57"]
[EventDate "2001.12.15"]
[EventType "swiss"]
[EventRounds "6"]
[EventCountry "ITA"]

{[%evp 0,57,36,23,63,55,84,57,54,34,42,26,86,51,49,45,45,30,27,25,8,20,26,40,41,41,40,40,111,105,135,135,135,135,151,160,182,157,328,328,358,359,478,438,438,438,622,348,496,310,418,391,391,391,391,391,442,442,670,325]} 1. e4 c5 2. Nf3 d6 3. d4 cxd4 4. Nxd4 Nf6 5. Nc3 g6 6. Be3 Bg7 7. g3 O-O 8. Qd2 Nc6 9. O-O-O Bd7 10. f4 Nxd4 11. Bxd4 Be6 12. Kb1 a6 13. h4 b5 14. h5 b4 15. Nd5 Bxd5 16. exd5 a5 17. Qh2 a4 18. Bd3 e5 19. dxe6 g5 20. Qe2 Re8 21. exf7+ Kxf7 22. Qd2 b3 23. cxb3 axb3 24. a3 Qa5 25. Bc4+ d5 26. Bc3 Qc5 27. Bxb3 Rab8 28. Bb4 Qb5 29. Rh2 1-0

[Event "4. Open. Int. (tot.)"]
[Site "Padova  Fornace Carotta"]
[Date "2001.12.16"]
[Round "2.8"]
[White "Viola, Matteo"]
[Black "Trangoni, Bruno"]
[Result "0-1"]
[WhiteElo "1916"]
[BlackElo "1662"]
[Annotator "Gabriele Ballarin"]
[PlyCount "62"]
[EventDate "2001.12.15"]
[EventType "swiss"]
[EventRounds "6"]
[EventCountry "ITA"]

1. d4 f5 2. e4 fxe4 3. Nc3 Nf6 4. Bg5 Nc6 5. f3 e3 6. Bxe3 d5 7. a3 g6 8. Bd3 Bg7 9. Nge2 O-O 10. O-O Nh5 11. f4 Bg4 12. h3 Bc8 13. g4 Nf6 14. f5 e5 15. dxe5 Nxe5 16. fxg6 Bxg4 17. gxh7+ Kh8 18. hxg4 Nfxg4 19. Rxf8+ Qxf8 20. Qf1 Nf3+ 21. Kh1 Nxe3 22. Qh3 Re8 23. Nd1 Re6 24. Nxe3 Rh6 25. Qxh6 Bxh6 26. Ng4 Qc8 27. Nf2 Be3 28. Kg2 Ng5 29. Rh1 Qf8 30. Rf1 Qf3+ 31. Kg1 Bxf2+ 0-1

[Event "4. Open. Int. (tot.)"]
[Site "Padova  Fornace Carotta"]
[Date "2001.12.16"]
[Round "2.11"]
[White "Zanirato, Stefano"]
[Black "Carini, Massimo"]
[Result "0-1"]
[WhiteElo "1659"]
[BlackElo "1872"]
[Annotator "Gabriele Ballarin"]
[PlyCount "62"]
[EventDate "2001.12.15"]
[EventType "swiss"]
[EventRounds "6"]
[EventCountry "ITA"]

1. Nf3 d5 2. d3 Nc6 3. c3 Nf6 4. Qc2 e5 5. e4 Bg4 6. Be2 Be7 7. O-O O-O 8. b4 a6 9. Nbd2 d4 10. a3 dxc3 11. Qxc3 Nd4 12. Bd1 Nd7 13. Nxd4 exd4 14. Qc2 Bxd1 15. Qxd1 a5 16. bxa5 Rxa5 17. Nc4 Ra6 18. Bf4 Nc5 19. a4 f5 20. exf5 Rxf5 21. Bg3 h5 22. f4 h4 23. Be1 Qf8 24. g3 g5 25. Bb4 hxg3 26. hxg3 gxf4 27. Bxc5 Qg7 28. g4 f3 29. Ne5 Rxe5 30. Qb3+ Kh7 31. Rf2 Qxg4+ 0-1

[Event "4. Open. Int. (tot.)"]
[Site "Padova  Fornace Carotta"]
[Date "2001.12.16"]
[Round "2.12"]
[White "Ungaro, Olindo"]
[Black "Balboni, Lamberto"]
[Result "1-0"]
[WhiteElo "1800"]
[BlackElo "1600"]
[Annotator "Gabriele Ballarin"]
[PlyCount "94"]
[EventDate "2001.12.15"]
[EventType "swiss"]
[EventRounds "6"]
[EventCountry "ITA"]

1. e4 e6 2. d4 d5 3. Nc3 Nf6 4. Bg5 Be7 5. e5 Nfd7 6. h4 a6 7. Qg4 f5 8. exf6 Nxf6 9. Qg3 Qd6 10. Bf4 Qb4 11. O-O-O Nh5 12. Qe3 Nxf4 13. Qxf4 Qd6 14. Qe3 O-O 15. g3 Bf6 16. f4 b6 17. Nf3 c5 18. Ne2 Nc6 19. c3 Bd7 20. Bh3 Rae8 21. Kb1 a5 22. Nc1 c4 23. Rde1 b5 24. Ne2 b4 25. Ne5 Bxe5 26. dxe5 Qb8 27. Nd4 Nxd4 28. Qxd4 bxc3 29. Qxc3 Qb4 30. Re3 Rb8 31. Rd1 g6 32. Rd2 Rb7 33. Kc1 Rfb8 34. Qd4 Kf7 35. h5 a4 36. hxg6+ hxg6 37. g4 Rh8 38. f5 Rh4 39. fxg6+ Kg7 40. Rf3 Be8 41. Qf2 Rh8 42. g5 Bxg6 43. Bxe6 Rh1+ 44. Rd1 Rxd1+ 45. Kxd1 Qe7 46. Rf6 c3 47. Qh4 Bh7 1-0

[Event "4. Open. Int. (tot.)"]
[Site "Padova  Fornace Carotta"]
[Date "2001.12.16"]
[Round "2.13"]
[White "Marangoni, Simone"]
[Black "Roberti, Ignazio"]
[Result "0-1"]
[WhiteElo "1633"]
[BlackElo "1796"]
[Annotator "Gabriele Ballarin"]
[PlyCount "104"]
[EventDate "2001.12.15"]
[EventType "swiss"]
[EventRounds "6"]
[EventCountry "ITA"]

1. c4 e6 2. Nc3 d5 3. cxd5 exd5 4. d4 Nf6 5. a3 c6 6. Nf3 Nbd7 7. g3 Bd6 8. Bg2 O-O 9. O-O Re8 10. Bg5 h6 11. Bd2 Nf8 12. e3 Bg4 13. Qc2 Qd7 14. Nh4 Bh3 15. f4 Bxg2 16. Kxg2 Ne4 17. Nxe4 Rxe4 18. Nf3 Qf5 19. Qd1 Ng6 20. h3 Rae8 21. Ne5 h5 22. g4 hxg4 23. hxg4 Qf6 24. Rh1 Bxe5 25. dxe5 Nxe5 26. fxe5 Qxe5 27. Qf3 Qxb2 28. Raf1 f6 29. Rf2 Qe5 30. Rh5 Qe6 31. Rf5 Re5 32. Rf4 Re4 33. Rf5 Re5 34. Rf4 Qf7 35. Qh3 Qg6 36. Kf3 Re4 37. Rf5 R4e5 38. Rh2 Kf7 39. Rxe5 Rxe5 40. Qg3 Qe4+ 41. Kf2 d4 42. Qf3 dxe3+ 43. Bxe3 Qc2+ 44. Kg3 Qd3 45. Bc5 Qxf3+ 46. Kxf3 Rxc5 47. Rd2 Ke7 48. Rb2 b6 49. Re2+ Re5 50. Rc2 Kd6 51. Rd2+ Rd5 52. Re2 Rd3+ 0-1

[Event "4. Open. Int. (tot.)"]
[Site "Padova  Fornace Carotta"]
[Date "2001.12.16"]
[Round "2.14"]
[White "Viaggi, Stefano"]
[Black "Calicchia, Giovanni"]
[Result "1-0"]
[WhiteElo "1764"]
[BlackElo "1600"]
[Annotator "Gabriele Ballarin"]
[PlyCount "49"]
[EventDate "2001.12.15"]
[EventType "swiss"]
[EventRounds "6"]
[EventCountry "ITA"]

1. Nf3 Nf6 2. d4 d6 3. Bf4 g6 4. Nc3 Bg7 5. e4 Nbd7 6. Qd2 O-O 7. O-O-O c6 8. e5 Ne8 9. Bh6 Qa5 10. Bxg7 Nxg7 11. Re1 b5 12. Kb1 Re8 13. Bd3 Nf8 14. h4 Bg4 15. Ng5 h5 16. Qf4 Be6 17. exd6 b4 18. Rxe6 f6 19. Rxe7 Rxe7 20. dxe7 fxg5 21. exf8=Q+ Rxf8 22. Bc4+ Kh7 23. Qxf8 bxc3 24. Qg8+ Kh6 25. Qh8# 1-0

[Event "4. Open. Int. (tot.)"]
[Site "Padova  Fornace Carotta"]
[Date "2001.12.16"]
[Round "2.15"]
[White "Giordan, Daniele"]
[Black "Nagliati, Paolo"]
[Result "1-0"]
[WhiteElo "1425"]
[BlackElo "1756"]
[Annotator "Gabriele Ballarin"]
[PlyCount "73"]
[EventDate "2001.12.15"]
[EventType "swiss"]
[EventRounds "6"]
[EventCountry "ITA"]

1. e4 d5 2. Nc3 d4 3. Nce2 e5 4. Ng3 Nf6 5. Bc4 Bd6 6. d3 O-O 7. N1e2 c5 8. O-O Nc6 9. a3 Be6 10. Bxe6 fxe6 11. Bg5 h6 12. Bd2 g5 13. c3 Qe7 14. Nh1 Kg7 15. Neg3 Kg6 16. c4 h5 17. Qc1 h4 18. Ne2 Nh5 19. g3 Rf3 20. Qc2 h3 21. Rad1 Nf6 22. Bc1 Ng4 23. b3 Raf8 24. Bd2 Qf6 25. Qc1 Be7 26. Qb1 Nxf2 27. Nxf2 Rxf2 28. Nf4+ gxf4 29. Rxf2 Qg5 30. Kh1 Kh7 31. Rg1 Qh6 32. Qf1 Bg5 33. gxf4 exf4 34. Rf3 Ne5 35. Rxh3 Bh4 36. Be1 Ng6 37. Rg4 1-0

[Event "4. Open. Int. (tot.)"]
[Site "Padova  Fornace Carotta"]
[Date "2001.12.16"]
[Round "2.16"]
[White "Tomio, Dante"]
[Black "Alessi, Giovanni"]
[Result "1-0"]
[WhiteElo "1788"]
[BlackElo "1389"]
[Annotator "Gabriele Ballarin"]
[PlyCount "111"]
[EventDate "2001.12.15"]
[EventType "swiss"]
[EventRounds "6"]
[EventCountry "ITA"]

1. e4 e6 2. d4 c5 3. Nf3 cxd4 4. Nxd4 Bc5 5. Be3 Qb6 6. b3 Nf6 7. f3 Nc6 8. c3 Nxd4 9. Bxd4 d5 10. e5 Nd7 11. b4 Bxd4 12. Qxd4 Qc7 13. f4 a6 14. Bd3 f6 15. exf6 Nxf6 16. O-O O-O 17. Nd2 b5 18. a4 Bd7 19. axb5 axb5 20. Nb3 Rxa1 21. Rxa1 Ne4 22. Ra7 Qd6 23. Bxe4 Qxf4 24. Bxh7+ Kxh7 25. Qxf4 Rxf4 26. Rxd7 Kg6 27. Rb7 Rc4 28. Rxb5 Rxc3 29. Nd4 Kf6 30. Rb6 Re3 31. Kf2 Re4 32. Nf3 g5 33. h3 d4 34. Rd6 d3 35. b5 Re2+ 36. Kf1 Rb2 37. Rxd3 Rxb5 38. Rd6 Ke7 39. Rxe6+ Kxe6 40. Nd4+ Ke5 41. Nxb5 Kf4 42. Kf2 g4 43. hxg4 Kxg4 44. Nd4 Kf4 45. g3+ Kg4 46. Ne2 Kg5 47. Kf3 Kf5 48. g4+ Kg5 49. Ng3 Kg6 50. Kf4 Kf6 51. g5+ Kg6 52. Kg4 Kh7 53. Kh5 Kg7 54. Nf5+ Kh7 55. g6+ Kh8 56. Kh6 1-0

[Event "4. Open. Int. (tot.)"]
[Site "Padova  Fornace Carotta"]
[Date "2001.12.16"]
[Round "2.17"]
[White "Muzhaqi, Halit"]
[Black "Caruso, Augusto"]
[Result "0-1"]
[WhiteElo "1530"]
[BlackElo "2270"]
[Annotator "Gabriele Ballarin"]
[PlyCount "114"]
[EventDate "2001.12.15"]
[EventType "swiss"]
[EventRounds "6"]
[EventCountry "ITA"]

1. e4 e5 2. Nf3 Nc6 3. Bb5 f5 4. Bxc6 dxc6 5. Nxe5 Qh4 6. exf5 Bxf5 7. O-O O-O-O 8. Nf7 Bd6 9. g3 Qh3 10. Qf3 Re8 11. d3 Qxf1+ 12. Kxf1 Bh3+ 13. Qg2 Bxg2+ 14. Kxg2 Nf6 15. Nxh8 Rxh8 16. Nc3 Re8 17. Ne4 Nd5 18. Bd2 h6 19. a3 Be5 20. c3 g5 21. Re1 Bg7 22. b3 Rd8 23. d4 b6 24. h3 a5 25. f3 Rd7 26. Nf2 Kb7 27. Re6 Bf8 28. Ne4 Bg7 29. f4 gxf4 30. gxf4 Rf7 31. Kf3 Ne7 32. Kg4 Bf8 33. Rf6 Rg7+ 34. Kf3 Rg8 35. c4 Ng6 36. Be1 Bxa3 37. f5 Ne7 38. Rf7 Rg1 39. Bg3 Rf1+ 40. Kg4 h5+ 41. Kxh5 Rxf5+ 42. Rxf5 Nxf5 43. Bf2 Bb2 44. d5 cxd5 45. cxd5 Nd4 46. Bxd4 Bxd4 47. Kg6 b5 48. h4 a4 49. bxa4 bxa4 50. Nd2 a3 51. Nb3 a2 52. h5 Kc8 53. h6 a1=Q 54. Nxa1 Bxa1 55. Kf7 Kd7 56. h7 Kd6 57. Kg8 Kxd5 0-1

[Event "4. Open. Int. (tot.)"]
[Site "Padova  Fornace Carotta"]
[Date "2001.12.16"]
[Round "2.18"]
[White "Bonetti, Carlo"]
[Black "Clarini, Ivo"]
[Result "1-0"]
[WhiteElo "1664"]
[BlackElo "1657"]
[Annotator "Gabriele Ballarin"]
[PlyCount "105"]
[EventDate "2001.12.15"]
[EventType "swiss"]
[EventRounds "6"]
[EventCountry "ITA"]

1. e4 c6 2. Nc3 d5 3. Nf3 dxe4 4. Nxe4 Bg4 5. h3 Bh5 6. Bc4 e6 7. O-O Nf6 8. Ng3 Bd6 9. Nxh5 Nxh5 10. d4 Nf4 11. Ne5 Nd5 12. Qh5 Qc7 13. Re1 Nf6 14. Qg5 Rg8 15. f4 Nd5 16. f5 Bxe5 17. Rxe5 Nd7 18. Re1 h6 19. Qh4 Nf8 20. Bb3 Qe7 21. Qxe7+ Kxe7 22. c4 Nc7 23. Bf4 Kd7 24. d5 exd5 25. cxd5 Nxd5 26. Rad1 Re8 27. Bxd5 Rxe1+ 28. Rxe1 cxd5 29. Rc1 Ke7 30. Rc7+ Nd7 31. Rxb7 Ra8 32. Be3 a6 33. Bc5+ Ke8 34. Bd6 Kd8 35. Kf2 Rc8 36. Ra7 Nf6 37. Be7+ Ke8 38. Bxf6 gxf6 39. Rxa6 Rc2+ 40. Kg3 Ke7 41. b4 d4 42. Ra7+ Kd6 43. Kf3 Ke5 44. Ra5+ Kd6 45. Ke4 Rxg2 46. Ra6+ Ke7 47. Ra7+ Ke8 48. a4 d3 49. Kxd3 Rg3+ 50. Ke4 Rxh3 51. b5 Rb3 52. Kd5 Kf8 53. Kc6 1-0

[Event "4. Open. Int. (tot.)"]
[Site "Padova  Fornace Carotta"]
[Date "2000.12.16"]
[Round "2.19"]
[White "Fracasso Pezzolato, Michele"]
[Black "Arras, Antonio"]
[Result "1-0"]
[WhiteElo "1585"]
[BlackElo "1458"]
[Annotator "Gabriele Ballarin"]
[PlyCount "66"]
[EventDate "2001.12.15"]
[EventType "swiss"]
[EventRounds "6"]
[EventCountry "ITA"]

1. Nf3 c5 2. e4 d6 3. d4 cxd4 4. Nxd4 a6 5. Nc3 Nf6 6. Bc4 g6 7. O-O Bg7 8. a4 O-O 9. a5 Nxe4 10. Bxf7+ Rxf7 11. Nxe4 Nc6 12. Nxc6 bxc6 13. c3 c5 14. Qd5 Bf5 15. Ng5 e6 16. Nxf7 Kxf7 17. Qb7+ Kg8 18. Bg5 Rb8 19. Qxg7+ Kxg7 20. Bxd8 Rxd8 21. f3 c4 22. Ra4 Bd3 23. Re1 Kf6 24. Rb4 e5 25. Rb6 Ke6 26. Rxa6 Rb8 27. Ra7 Rxb2 28. Ra1 Rb3 29. a6 Rxc3 30. Rc7 Rb3 31. a7 c3 32. a8=Q c2 33. Qg8+ Kf6 1-0

[Event "4. Open. Int. (tot.)"]
[Site "Padova  Fornace Carotta"]
[Date "2001.12.16"]
[Round "2.20"]
[White "Cedriano, Filippo"]
[Black "Varotto, Adriano"]
[Result "1-0"]
[WhiteElo "1612"]
[BlackElo "1500"]
[Annotator "Gabriele Ballarin"]
[PlyCount "76"]
[EventDate "2001.12.15"]
[EventType "swiss"]
[EventRounds "6"]
[EventCountry "ITA"]

1. e4 e5 2. Nf3 Nc6 3. Bb5 d6 4. O-O Nf6 5. Re1 Be7 6. d4 O-O 7. Bxc6 bxc6 8. dxe5 dxe5 9. Qxd8 Rxd8 10. Nbd2 Nd7 11. Nc4 f6 12. Na5 Nb8 13. Nb3 Nd7 14. Be3 a6 15. Rad1 Rb8 16. h3 Bd6 17. c4 c5 18. Re2 Bb7 19. Bc1 Ba8 20. Na1 Rb4 21. b3 Rbb8 22. Nc2 Nf8 23. Nfe1 Rd7 24. f3 Ne6 25. Red2 Nd4 26. Ba3 a5 27. Nd3 Rf8 28. Ne3 Rdf7 29. Bxc5 g6 30. Bxd6 cxd6 31. Nc2 Nxc2 32. Rxc2 f5 33. Nf2 Rf6 34. Rcd2 Rd8 35. c5 Kf7 36. cxd6 Bc6 37. Nd3 Ke6 38. Nc5+ Kf7 1-0

[Event "4. Open. Int. (tot.)"]
[Site "Padova  Fornace Carotta"]
[Date "2001.12.16"]
[Round "2.21"]
[White "Chinello, Gianmarco"]
[Black "Binder, Andrea"]
[Result "1/2-1/2"]
[WhiteElo "1500"]
[BlackElo "1600"]
[Annotator "Gabriele Ballarin"]
[PlyCount "119"]
[EventDate "2001.12.15"]
[EventType "swiss"]
[EventRounds "6"]
[EventCountry "ITA"]

1. e4 d6 2. d4 Nf6 3. Nc3 g6 4. Be3 c6 5. Nf3 Bg7 6. Qd2 b5 7. a3 Bb7 8. d5 a6 9. a4 b4 10. Na2 a5 11. Qd4 cxd5 12. Bb5+ Nbd7 13. e5 dxe5 14. Nxe5 O-O 15. Nxd7 Nxd7 16. Qd2 Bxb2 17. Rd1 Bg7 18. c3 bxc3 19. Nxc3 e6 20. Bh6 Ba6 21. h4 Bxb5 22. Nxb5 Bxh6 23. Qxh6 Qf6 24. Kf1 Nc5 25. f3 Nxa4 26. h5 Rab8 27. Nd4 Nb2 28. Nc6 Nxd1 29. hxg6 Ne3+ 30. Ke2 Rb2+ 31. Kxe3 Qc3+ 32. Kf4 Qd2+ 33. Kg3 Qxh6 34. gxf7+ Rxf7 35. Rxh6 Rg7+ 36. Kf4 a4 37. Rxe6 Rf7+ 38. Ke5 Rxg2 39. Nd4 a3 40. Ra6 a2 41. Kxd5 Rd2 42. Kc4 Rc7+ 43. Kb3 Rxd4 44. Kxa2 Rb4 45. Ra8+ Kg7 46. Ra3 Rc2+ 47. Ka1 Rbb2 48. Ra7+ Kg6 49. Ra6+ Kg5 50. f4+ Kxf4 51. Rf6+ Kg5 52. Rf5+ Kg4 53. Rg5+ Kf4 54. Rf5+ Ke4 55. Re5+ Kd4 56. Rd5+ Kc4 57. Rc5+ Kb3 58. Rc3+ Ka4 59. Ra3+ Kb5 60. Ra5+ 1/2-1/2

[Event "4. Open. Int. (tot.)"]
[Site "Padova  Fornace Carotta"]
[Date "2001.12.16"]
[Round "2.22"]
[White "Frascati, Francesco"]
[Black "Colombo, Matteo"]
[Result "0-1"]
[WhiteElo "1576"]
[BlackElo "1500"]
[Annotator "Gabriele Ballarin"]
[PlyCount "96"]
[EventDate "2001.12.15"]
[EventType "swiss"]
[EventRounds "6"]
[EventCountry "ITA"]

1. e4 c5 2. Nf3 d6 3. d4 cxd4 4. Nxd4 Nf6 5. Nc3 a6 6. Be3 e6 7. Bd3 Be7 8. O-O O-O 9. h3 Nbd7 10. Qd2 Nc5 11. Rad1 Nxd3 12. Qxd3 Qc7 13. Bf4 e5 14. Bg5 exd4 15. Qxd4 Rd8 16. Qd3 Be6 17. f4 Bc4 18. Qg3 Bxf1 19. Rxf1 Rac8 20. Bxf6 Bxf6 21. Nd5 Qc5+ 22. Kh1 Kf8 23. c3 Rd7 24. Rd1 Rcd8 25. Qg4 Be7 26. Qh5 h6 27. g4 Qf2 28. g5 Kg8 29. gxh6 g6 30. Qg4 Qh4 31. Nxe7+ Qxe7 32. f5 Re8 33. Re1 g5 34. h4 f6 35. Qh5 Qf7 36. Qg4 Qe7 37. hxg5 fxg5 38. Qh5 Kh8 39. f6 Qe5 40. Kg2 Rf8 41. Qg6 Qxf6 42. Qxf6+ Rxf6 43. Kg3 Rxh6 44. Kg4 Rg6 45. Rf1 Kg7 46. c4 Rf7 47. Rxf7+ Kxf7 48. b4 Re6 0-1

[Event "4. Open. Int. (tot.)"]
[Site "Padova  Fornace Carotta"]
[Date "2001.12.16"]
[Round "2.23"]
[White "Fabiano, Manuel"]
[Black "Quaranta, Gaetano"]
[Result "0-1"]
[WhiteElo "1500"]
[BlackElo "1594"]
[Annotator "Gabriele Ballarin"]
[PlyCount "76"]
[EventDate "2001.12.15"]
[EventType "swiss"]
[EventRounds "6"]
[EventCountry "ITA"]

1. d4 Nf6 2. Nf3 d5 3. Bf4 e6 4. Nbd2 c5 5. e3 cxd4 6. exd4 Bd6 7. Ne5 O-O 8. Bd3 Nc6 9. c3 Qc7 10. Ndf3 Nd7 11. Qe2 Ndxe5 12. Nxe5 f6 13. Qh5 f5 14. Qe2 Nxe5 15. Bxe5 Bxe5 16. Qxe5 Qxe5+ 17. dxe5 Bd7 18. f4 Rac8 19. Kd2 Bc6 20. Rhg1 Rfd8 21. Ke3 Rd7 22. g4 fxg4 23. Rxg4 Rcd8 24. Kd4 Rf7 25. h4 Rdf8 26. Rf1 h5 27. Rg6 Rxf4+ 28. Rxf4 Rxf4+ 29. Kc5 Bd7 30. Kd6 Rf7 31. Be2 Bc8 32. Bxh5 Kf8 33. Rg4 Rd7+ 34. Kc5 Rc7+ 35. Kd4 g6 36. Bxg6 Rc4+ 37. Ke3 Rxg4 38. h5 Kg7 0-1

[Event "4. Open. Int. (tot.)"]
[Site "Padova  Fornace Carotta"]
[Date "2001.12.16"]
[Round "2.24"]
[White "Borgato, Alessandro"]
[Black "Franz, Paolo"]
[Result "1-0"]
[WhiteElo "1561"]
[BlackElo "1500"]
[Annotator "Gabriele Ballarin"]
[PlyCount "69"]
[EventDate "2001.12.15"]
[EventType "swiss"]
[EventRounds "6"]
[EventCountry "ITA"]

1. e4 c5 2. Nf3 d6 3. Bc4 Nf6 4. d3 Nc6 5. O-O Bg4 6. Bb5 a6 7. Bxc6+ bxc6 8. c4 g6 9. b3 Bg7 10. Bb2 O-O 11. Nbd2 Qc7 12. h3 Bxf3 13. Nxf3 Nh5 14. Bxg7 Nxg7 15. Nh2 f5 16. exf5 Rxf5 17. Ng4 e5 18. Nh6+ Kh8 19. Nxf5 Nxf5 20. Qd2 Qe7 21. Rae1 Re8 22. f4 Qh4 23. fxe5 Rxe5 24. Rxe5 Qd4+ 25. Qf2 dxe5 26. Qxd4 cxd4 27. g4 Ne3 28. Rf6 Nc2 29. Re6 Nb4 30. Rxe5 Nxd3 31. Re6 Nb4 32. a3 Nc2 33. Rxc6 Nxa3 34. Rd6 Nc2 35. c5 1-0

[Event "4. Open. Int. (tot.)"]
[Site "Padova  Fornace Carotta"]
[Date "2001.12.16"]
[Round "2.25"]
[White "Grandesso, Emanuele"]
[Black "Spinoso, Giovanni"]
[Result "0-1"]
[WhiteElo "1500"]
[BlackElo "1585"]
[Annotator "Gabriele Ballarin"]
[PlyCount "92"]
[EventDate "2001.12.15"]
[EventType "swiss"]
[EventRounds "6"]
[EventCountry "ITA"]

1. e4 c5 2. Nf3 d6 3. Bc4 e6 4. Nc3 a6 5. a4 Nc6 6. O-O Nf6 7. d3 Be7 8. Be3 Qc7 9. Re1 O-O 10. Qe2 Re8 11. Rad1 Bd7 12. d4 cxd4 13. Nxd4 Nxd4 14. Rxd4 Rad8 15. f3 Bc6 16. Red1 Qa5 17. R1d3 d5 18. exd5 exd5 19. Ba2 Bc5 20. Rh4 Qb6 21. Kh1 Bxe3 22. Rxe3 Rxe3 23. Qd2 Rde8 24. h3 Re1+ 25. Kh2 Qg1+ 26. Kg3 Qc5 27. Qf4 R8e7 28. Qd2 Qd6+ 29. Kf2 Nh5 30. Rg4 Qh2 31. Qxe1 Rxe1 32. Kxe1 Qg1+ 33. Ke2 g6 34. Nxd5 Bxd5 35. Bxd5 Nf6 36. Rg5 Nxd5 37. Rxd5 Qxg2+ 38. Ke3 Qxc2 39. Rd7 Qxb2 40. Kf4 f6 41. Rd8+ Kg7 42. Rd7+ Kh6 43. h4 Qb4+ 44. Kg3 b5 45. axb5 Qxb5 46. f4 Qxd7 0-1

[Event "4. Open. Int. (tot.)"]
[Site "Padova  Fornace Carotta"]
[Date "2001.12.16"]
[Round "2.26"]
[White "Traversi, Carlo"]
[Black "Minati, Donato"]
[Result "0-1"]
[WhiteElo "1561"]
[BlackElo "1500"]
[Annotator "Gabriele Ballarin"]
[PlyCount "85"]
[EventDate "2001.12.15"]
[EventType "swiss"]
[EventRounds "6"]
[EventCountry "ITA"]

1. e4 c5 2. Nf3 e6 3. d4 cxd4 4. Nxd4 Nc6 5. Be2 Nf6 6. f3 Qb6 7. Nxc6 bxc6 8. a3 Be7 9. Nc3 O-O 10. Na4 Qa5+ 11. Nc3 d5 12. Be3 Rd8 13. b4 Qc7 14. exd5 cxd5 15. Nb5 Qd7 16. O-O a6 17. Nd4 e5 18. Nb3 Qc7 19. Bc5 Bxc5+ 20. Nxc5 a5 21. Qc1 Nd7 22. Nb3 axb4 23. axb4 Rxa1 24. Nxa1 Qb6+ 25. Kh1 Qxb4 26. Bd3 Nf6 27. Qg5 Qd6 28. Nb3 Be6 29. Re1 e4 30. Be2 d4 31. Nc5 h6 32. Nxe4 hxg5 33. Nxd6 Rxd6 34. Bd3 Nd5 35. Rb1 g6 36. Rb5 Bf5 37. g3 Bxd3 38. cxd3 Kg7 39. Kg2 Kf6 40. Kf2 Nc3 41. Ra5 Re6 42. Kg2 Re3 43. Ra6+ 0-1

[Event "4. Open. Int. (tot.)"]
[Site "Padova  Fornace Carotta"]
[Date "2001.12.16"]
[Round "2.27"]
[White "Nizzardo, Mattia"]
[Black "Musiani, Carlo"]
[Result "1/2-1/2"]
[WhiteElo "1500"]
[BlackElo "1576"]
[Annotator "Gabriele Ballarin"]
[PlyCount "48"]
[EventDate "2001.12.15"]
[EventType "swiss"]
[EventRounds "6"]
[EventCountry "ITA"]

1. e4 e6 2. d4 d5 3. exd5 exd5 4. g3 Bd6 5. Bg2 c6 6. Nf3 Nf6 7. O-O O-O 8. Re1 Bg4 9. Bg5 Nbd7 10. c3 Qc7 11. Nbd2 h6 12. Bxf6 Nxf6 13. Qc2 Rfe8 14. Rad1 Rad8 15. a3 a6 16. Rc1 b5 17. b4 Bh5 18. a4 Bg6 19. Qa2 Ne4 20. Nxe4 Bxe4 21. Nd2 Bxg2 22. Kxg2 Re7 23. Nb3 Rde8 24. Rxe7 Qxe7 1/2-1/2

[Event "4. Open. Int. (tot.)"]
[Site "Padova  Fornace Carotta"]
[Date "2001.12.16"]
[Round "2.28"]
[White "Barbetta, Cosimo"]
[Black "Pietrobon, Mirco"]
[Result "1/2-1/2"]
[WhiteElo "1540"]
[BlackElo "1500"]
[Annotator "Gabriele Ballarin"]
[PlyCount "94"]
[EventDate "2001.12.15"]
[EventType "swiss"]
[EventRounds "6"]
[EventCountry "ITA"]

1. e4 e5 2. Nf3 Nc6 3. c3 d5 4. Bd3 Bg4 5. h3 Bh5 6. g4 Bg6 7. Qc2 dxe4 8. Bxe4 Bxe4 9. Qxe4 Nf6 10. Qa4 Qd5 11. Qd1 e4 12. Nh4 e3 13. Qf3 exf2+ 14. Kxf2 Qxf3+ 15. Nxf3 O-O-O 16. d4 Ne4+ 17. Kg2 Bd6 18. Ng5 Nxg5 19. Bxg5 Rde8 20. Rf1 f6 21. Bf4 Re2+ 22. Kf3 Rxb2 23. Bxd6 cxd6 24. Na3 Na5 25. Rf2 Rxf2+ 26. Kxf2 a6 27. Re1 Kd7 28. Re4 Re8 29. Kf3 Rxe4 30. Kxe4 g6 31. d5 b5 32. h4 h6 33. Kd4 Nb7 34. Nc2 Nc5 35. Nb4 h5 36. gxh5 gxh5 37. Ke3 Ke7 38. Kd4 Kf7 39. c4 bxc4 40. Kxc4 f5 41. Nd3 Nxd3 42. Kxd3 Kf6 43. Kd4 a5 44. a4 Ke7 45. Ke3 Kf7 46. Kf3 Ke7 47. Kg3 Kf7 1/2-1/2